<?xml version="1.0" encoding="UTF-8"?>
<record
    xmlns:xsi="http://www.w3.org/2001/XMLSchema-instance"
    xsi:schemaLocation="http://www.loc.gov/MARC21/slim http://www.loc.gov/standards/marcxml/schema/MARC21slim.xsd"
    xmlns="http://www.loc.gov/MARC21/slim">

  <leader>01056nam a22002657a 4500</leader>
  <controlfield tag="001">4549</controlfield>
  <controlfield tag="003">FISKH</controlfield>
  <controlfield tag="005">20240918113840.0</controlfield>
  <controlfield tag="008">240916b        cb ||||| |||| 00| 0 eng d</controlfield>
  <datafield tag="020" ind1=" " ind2=" ">
    <subfield code="a">0380710404</subfield>
  </datafield>
  <datafield tag="040" ind1=" " ind2=" ">
    <subfield code="a">FISKH</subfield>
    <subfield code="b">eng</subfield>
    <subfield code="c">FISKH</subfield>
    <subfield code="d">FISKH</subfield>
  </datafield>
  <datafield tag="050" ind1=" " ind2=" ">
    <subfield code="a">PZ7.R2737</subfield>
  </datafield>
  <datafield tag="082" ind1=" " ind2=" ">
    <subfield code="2">823.914</subfield>
  </datafield>
  <datafield tag="100" ind1=" " ind2=" ">
    <subfield code="a">Banks, Reid Lynne</subfield>
    <subfield code="d">(1929&#x2013;2024)</subfield>
  </datafield>
  <datafield tag="245" ind1=" " ind2=" ">
    <subfield code="a">The secret of the indian /</subfield>
    <subfield code="c">Lynne Reid Banks Illustrated by Ted Lewin</subfield>
  </datafield>
  <datafield tag="250" ind1=" " ind2=" ">
    <subfield code="a">First printing in 1990</subfield>
  </datafield>
  <datafield tag="260" ind1=" " ind2=" ">
    <subfield code="a">New York :</subfield>
    <subfield code="b">Avon Books,</subfield>
    <subfield code="c">1990.</subfield>
  </datafield>
  <datafield tag="300" ind1=" " ind2=" ">
    <subfield code="a">147 pages :</subfield>
    <subfield code="b">illustrations ;</subfield>
    <subfield code="c">20cm</subfield>
  </datafield>
  <datafield tag="520" ind1=" " ind2=" ">
    <subfield code="a">In this third book about Omri and his magic cupboard, Omri and his friend Patrick must risk grownups' discovering their secret when they find themselves in need of a friend's toy plastic doctors to save wounded people from the dangerous world of the Old West which the cupboard enables them to enter.</subfield>
  </datafield>
  <datafield tag="650" ind1=" " ind2=" ">
    <subfield code="2">Fiction</subfield>
    <subfield code="a">Fantasy</subfield>
    <subfield code="v">Native Americans</subfield>
  </datafield>
  <datafield tag="650" ind1=" " ind2=" ">
    <subfield code="2">Time travel</subfield>
    <subfield code="a">Adventure</subfield>
  </datafield>
  <datafield tag="700" ind1=" " ind2=" ">
    <subfield code="a">Lewin, Ted</subfield>
    <subfield code="d">Illustrated</subfield>
  </datafield>
  <datafield tag="942" ind1=" " ind2=" ">
    <subfield code="2">ddc</subfield>
    <subfield code="c">BK</subfield>
    <subfield code="n">0</subfield>
  </datafield>
  <datafield tag="999" ind1=" " ind2=" ">
    <subfield code="c">4549</subfield>
    <subfield code="d">4549</subfield>
  </datafield>
  <datafield tag="952" ind1=" " ind2=" ">
    <subfield code="0">0</subfield>
    <subfield code="1">0</subfield>
    <subfield code="2">ddc</subfield>
    <subfield code="4">0</subfield>
    <subfield code="7">0</subfield>
    <subfield code="8">FIC</subfield>
    <subfield code="a">001</subfield>
    <subfield code="b">001</subfield>
    <subfield code="c">SBS</subfield>
    <subfield code="d">2024-09-16</subfield>
    <subfield code="l">0</subfield>
    <subfield code="o">BAN 823.914 PZ7.R2737</subfield>
    <subfield code="p">2024-1964</subfield>
    <subfield code="r">2024-09-16 09:27:05</subfield>
    <subfield code="w">2024-09-16</subfield>
    <subfield code="y">BK</subfield>
  </datafield>
  <datafield tag="952" ind1=" " ind2=" ">
    <subfield code="0">0</subfield>
    <subfield code="1">0</subfield>
    <subfield code="2">ddc</subfield>
    <subfield code="4">0</subfield>
    <subfield code="7">0</subfield>
    <subfield code="8">FIC</subfield>
    <subfield code="a">001</subfield>
    <subfield code="b">001</subfield>
    <subfield code="c">SBS</subfield>
    <subfield code="d">2024-09-18</subfield>
    <subfield code="l">0</subfield>
    <subfield code="o">BAN 823.914 PZ7.R2737</subfield>
    <subfield code="p">2024-2009</subfield>
    <subfield code="r">2024-09-18 11:37:36</subfield>
    <subfield code="t">2</subfield>
    <subfield code="w">2024-09-18</subfield>
    <subfield code="y">BK</subfield>
  </datafield>
</record>
